| Tag |
First Indicator |
Second Indicator |
Subfields |
| LEADER |
00000cam a2200000 a 4500 |
| 001 |
in00001406077 |
| 005 |
20151020072406.0 |
| 008 |
970416s1997 enka b 001 0 eng |
| 010 |
|
|
|a 97018728
|
| 015 |
|
|
|a GB98-859
|
| 019 |
|
|
|a 38592487
|
| 020 |
|
|
|a 0415162815 (pbk. : alk. paper)
|
| 035 |
|
|
|a (OCoLC)36800653
|
| 035 |
|
|
|9 AHQ2811AM
|
| 040 |
|
|
|a DLC
|c DLC
|d TXA
|d UtOrBLW
|
| 049 |
|
|
|a TXAM
|
| 050 |
0 |
0 |
|a PB35
|b .L427 1997
|
| 082 |
0 |
0 |
|a 418/.0071/2
|2 21
|
| 245 |
0 |
0 |
|a Learning to teach modern foreign languages in the secondary school :
|b a companion to school experience /
|c [edited by] Norbert Pachler and Kit Field.
|
| 246 |
3 |
0 |
|a Modern foreign languages
|
| 264 |
|
1 |
|a London ;
|a New York :
|b Routledge,
|c 1997.
|
| 300 |
|
|
|a xxiv, 392 pages :
|b illustrations ;
|c 24 cm.
|
| 336 |
|
|
|a text
|b txt
|2 rdacontent
|
| 337 |
|
|
|a unmediated
|b n
|2 rdamedia
|
| 338 |
|
|
|a volume
|b nc
|2 rdacarrier
|
| 490 |
1 |
|
|a Learning to teach subjects in the secondary school series
|
| 504 |
|
|
|a Includes bibliographical references (pages [370]-385) and index.
|
| 650 |
|
0 |
|a Languages, Modern
|x Study and teaching (Secondary)
|
| 700 |
1 |
|
|a Pachler, Norbert.
|
| 700 |
1 |
|
|a Field, Kit.
|
| 830 |
|
0 |
|a Learning to teach subjects in the secondary school series.
|
| 948 |
|
|
|a c:dm
|
| 999 |
|
|
|a MARS
|
| 999 |
f |
f |
|s 497a607d-9765-32a3-914b-69a5bae662c6
|i d4c0ae0b-d56d-3af4-9c96-422cd1e57a84
|t 0
|
| 952 |
f |
f |
|p ric
|a Texas A&M University
|b Rellis Campus
|c Joint Library Facility
|s JLF
|d Remote Storage
|t 0
|e PB35 .L427 1997
|h Library of Congress classification
|i unmediated -- volume
|m A14823461345
|
| 998 |
f |
f |
|a PB35 .L427 1997
|t 0
|l Remote Storage
|